Statistics for Soccer (Football) Players by Country (SUPER HARD)!

Click here to take the quiz!

General Stats

  • This quiz has been taken 313 times
  • The average score is 7 of 11

Answer Stats

HintAnswer% Correct
Funes MoriArgentina
87%
GervinhoIvory Coast
86%
Kelechi IhenachoNigeria
85%
George WeahLiberia
84%
Breel EmboloSwitzerland
82%
Oleg ShatovRussia
81%
Tony HibbertEngland
69%
Craig BurleyScotland
58%
Lexi LalasUnited States
36%
Enzo FernandezFrance
31%
Luis Pedro CavandaBelgium
27%

Score Distribution

Percentile by Number Answered

Percent of People with Each Score

Your Score History

You have not taken this quiz